| 000 | 00703nam a22002537a 4500 | ||
|---|---|---|---|
| 008 | 130617b xxu||||| |||| 00| 0 eng d | ||
| 020 | _a81-7556-019-3 | ||
| 024 | _cAvailable | ||
| 037 | _cAvailable | ||
| 040 |
_aMBSTU LIBRARY _dMBSTU LIBRARY |
||
| 082 |
_222 _a515.43 HAI |
||
| 100 | _aHazra, A.K. | ||
| 245 | _aIntegral calculus with applications. | ||
| 250 | _a1st | ||
| 260 |
_a Delhi _bPragati Prakashan. _c2007 |
||
| 300 |
_a21 cm. _bxxiv,640 page. _f11 _g21 cm. |
||
| 600 | _2Integral calculus. | ||
| 650 | _2Integral calculus. | ||
| 700 | _aHazra, A.K. | ||
| 270 |
_a Delhi _b Delhi. _dndia |
||
| 365 |
_b366.00 _d366.00 |
||
| 942 |
_2ddc _cBK |
||
| 999 |
_c474 _d474 |
||